000 00694nam a22002537a 4500
001 8072
003 FISKH
005 20250820151002.0
008 250820b cb ||||| |||| 00| 0 eng d
020 _a9781407595665
040 _aFISKH
_beng
_cFISKH
_dFISKH
050 _aPZ7
082 _a590
100 _aParragon
245 _aCutest animals :
_b7 amazing giant scenes ! /
_cBy Parragon
250 _aFirst published by Parragon in 2010
260 _aBath :
_bParragon ,
_c2010.
300 _a7 unnumbered pages :
_bcolor illustrations ;
_c27 cm .
505 _aM
521 8 _a550
_bLexile estimate
521 8 _aM
_bRaz-Plus
942 _2ddc
_cBK
_n0
999 _c8072
_d8072